[Event "DVM U16 2023"]
[Site "Magdeburg GER"]
[Date "2023.12.30"]
[Round "7"]
[White "Burns, Mikala Tristan"]
[Black "Winkler, Yonathan"]
[Result "1/2-1/2"]
[Termination "normal"]
[Board "7.1"]
[WhiteElo "1819"]
[BlackElo "1972"]
[WhiteClock "00:22:51"]
[BlackClock "00:56:51"]
[WhiteTeam "SG Grün-Weiß Dresden"]
[BlackTeam "Bielefelder SK 1883"]
[PlyCount "90"]
[WhiteFideId "16288459"]
[BlackFideId "16266080"]
[EventCountry "GER"]
[EventRounds "7"]
[EventType "team-swiss"]
[EventDate "2023.12.26"]

1. e4 {[%clk 01:30:59]} {[%emt 00:00:01]} c5 {[%clk 01:30:48]} {[%emt
00:00:11]} 2. Nf3 {[%clk 01:31:26]} {[%emt 00:00:04]} a6 {[%clk 01:31:09]}
{[%emt 00:00:07]} 3. d4 {[%clk 01:31:48]} {[%emt 00:00:09]} cxd4 {[%clk
01:31:32]} {[%emt 00:00:06]} 4. Nxd4 {[%clk 01:32:15]} {[%emt 00:00:04]} Nf6
{[%clk 01:31:52]} {[%emt 00:00:09]} 5. Nc3 {[%clk 01:32:40]} {[%emt 00:00:06]}
e5 {[%clk 01:32:15]} {[%emt 00:00:06]} 6. Nf3 {[%clk 01:32:20]} {[%emt
00:00:51]} Bb4 {[%clk 01:32:35]} {[%emt 00:00:09]} 7. Bd2 {[%clk 01:26:19]}
{[%emt 00:06:32]} Nc6 {[%clk 01:31:23]} {[%emt 00:01:41]} 8. Bd3 {[%clk
01:26:05]} {[%emt 00:00:44]} O-O {[%clk 01:30:12]} {[%emt 00:01:40]} 9. O-O
{[%clk 01:26:00]} {[%emt 00:00:36]} d6 {[%clk 01:29:00]} {[%emt 00:01:41]} 10.
a3 {[%clk 01:19:57]} {[%emt 00:06:34]} Bxc3 {[%clk 01:29:14]} {[%emt 00:00:16]}
11. Bxc3 {[%clk 01:20:21]} {[%emt 00:00:07]} Bg4 {[%clk 01:29:39]} {[%emt
00:00:05]} 12. h3 {[%clk 01:18:20]} {[%emt 00:03:44]} Bh5 {[%clk 01:29:38]} 13.
Re1 {[%clk 01:17:28]} {[%emt 00:00:40]} Qd7 {[%clk 01:24:17]} {[%emt 00:05:49]}
14. Bf1 {[%clk 01:13:25]} {[%emt 00:04:33]} Bg6 {[%clk 01:18:42]} {[%emt
00:06:06]} 15. Nd2 {[%clk 01:09:15]} {[%emt 00:04:40]} Rfe8 {[%clk 01:17:54]}
{[%emt 00:01:17]} 16. Bc4 {[%clk 00:56:03]} {[%emt 00:13:43]} Rad8 {[%clk
01:16:02]} {[%emt 00:02:21]} 17. Bd5 {[%clk 00:54:46]} {[%emt 00:01:47]} Nxd5
{[%clk 01:12:47]} {[%emt 00:03:45]} 18. exd5 {[%clk 00:55:09]} {[%emt
00:00:07]} Ne7 {[%clk 01:13:12]} {[%emt 00:00:04]} 19. Nc4 {[%clk 00:52:23]}
{[%emt 00:03:16]} b5 {[%clk 01:10:24]} {[%emt 00:03:18]} 20. Ne3 {[%clk
00:50:16]} {[%emt 00:02:38]} f5 {[%clk 01:09:06]} {[%emt 00:01:48]} 21. Ba5
{[%clk 00:32:34]} {[%emt 00:18:12]} Rc8 {[%clk 01:08:28]} {[%emt 00:01:08]} 22.
c3 {[%clk 00:31:50]} {[%emt 00:01:14]} f4 {[%clk 01:05:44]} {[%emt 00:03:03]}
23. Nc2 {[%clk 00:31:40]} {[%emt 00:00:50]} Rf8 {[%clk 00:56:43]} {[%emt
00:09:31]} 24. f3 {[%clk 00:21:54]} {[%emt 00:10:17]} Rf5 {[%clk 00:49:00]}
{[%emt 00:08:12]} 25. Re2 {[%clk 00:17:58]} {[%emt 00:04:26]} Rg5 {[%clk
00:48:26]} {[%emt 00:01:03]} 26. Kh2 {[%clk 00:17:41]} {[%emt 00:00:48]} Rg3
{[%clk 00:48:29]} {[%emt 00:00:26]} 27. Bb6 {[%clk 00:17:22]} {[%emt 00:00:49]}
Bf5 {[%clk 00:41:44]} {[%emt 00:07:15]} 28. Bf2 {[%clk 00:16:46]} {[%emt
00:01:06]} Rg6 {[%clk 00:40:46]} {[%emt 00:01:29]} 29. Bh4 {[%clk 00:08:08]}
{[%emt 00:09:08]} Bxc2 {[%clk 00:38:33]} {[%emt 00:02:43]} 30. Rxc2 {[%clk
00:05:35]} {[%emt 00:03:04]} Nf5 {[%clk 00:38:57]} {[%emt 00:00:06]} 31. Bf2
{[%clk 00:05:48]} {[%emt 00:00:17]} Qf7 {[%clk 00:33:19]} {[%emt 00:06:08]} 32.
Qd3 {[%clk 00:05:57]} {[%emt 00:00:22]} Ne7 {[%clk 00:31:22]} {[%emt 00:02:26]}
33. Rd1 {[%clk 00:06:22]} {[%emt 00:00:05]} Qf5 {[%clk 00:29:41]} {[%emt
00:02:12]} 34. Qxf5 {[%clk 00:06:29]} {[%emt 00:00:22]} Nxf5 {[%clk 00:30:07]}
{[%emt 00:00:04]} 35. Re2 {[%clk 00:06:31]} {[%emt 00:00:28]} Rf6 {[%clk
00:30:13]} {[%emt 00:00:24]} 36. Re4 {[%clk 00:05:52]} {[%emt 00:01:09]} Rf7
{[%clk 00:29:26]} {[%emt 00:01:17]} 37. Kg1 {[%clk 00:04:52]} {[%emt 00:01:30]}
g5 {[%clk 00:29:45]} {[%emt 00:00:11]} 38. Kf1 {[%clk 00:04:08]} {[%emt
00:01:14]} h5 {[%clk 00:29:11]} {[%emt 00:01:04]} 39. Ke2 {[%clk 00:04:08]}
{[%emt 00:00:29]} Rg7 {[%clk 00:28:08]} {[%emt 00:01:34]} 40. a4 {[%clk
00:01:44]} {[%emt 00:02:54]} g4 {[%clk 00:26:10]} {[%emt 00:02:28]} 41. hxg4
{[%clk 00:01:46]} {[%emt 00:00:28]} hxg4 {[%clk 00:26:32]} {[%emt 00:00:08]}
42. fxg4 {[%clk 00:28:09]} {[%emt 00:04:07]} Rxg4 {[%clk 00:56:29]} {[%emt
00:00:33]} 43. Kf3 {[%clk 00:27:36]} {[%emt 00:01:03]} Rg7 {[%clk 00:56:33]}
{[%emt 00:00:26]} 44. axb5 {[%clk 00:26:43]} {[%emt 00:01:23]} axb5 {[%clk
00:56:51]} {[%emt 00:00:12]} 45. Ra1 {[%clk 00:22:51]} {[%emt 00:04:22]} Rb7
{[%emt 00:05:55]} 1/2-1/2

[Event "DVM U16 2023"]
[Site "Magdeburg GER"]
[Date "2023.12.30"]
[Round "7"]
[White "Weeke, Tom"]
[Black "Radeke, Timothy"]
[Result "1/2-1/2"]
[Termination "normal"]
[Board "7.2"]
[WhiteElo "1330"]
[BlackElo "1504"]
[WhiteClock "01:24:40"]
[BlackClock "00:25:40"]
[WhiteTeam "Bielefelder SK 1883"]
[BlackTeam "SG Grün-Weiß Dresden"]
[PlyCount "40"]
[WhiteFideId "34607080"]
[BlackFideId "16289412"]
[EventCountry "GER"]
[EventRounds "7"]
[EventType "team-swiss"]
[EventDate "2023.12.26"]

1. e4 {[%clk 01:30:41]} {[%emt 00:00:18]} e5 {[%clk 01:30:54]} {[%emt
00:00:06]} 2. Nf3 {[%clk 01:31:06]} {[%emt 00:00:04]} Nc6 {[%clk 01:31:19]}
{[%emt 00:00:06]} 3. Bc4 {[%clk 01:31:33]} {[%emt 00:00:03]} Bc5 {[%clk
01:31:39]} {[%emt 00:00:10]} 4. c3 {[%clk 01:31:49]} {[%emt 00:00:14]} Nf6
{[%clk 01:32:03]} {[%emt 00:00:06]} 5. b4 {[%clk 01:32:16]} {[%emt 00:00:04]}
Bb6 {[%clk 01:32:24]} {[%emt 00:00:09]} 6. d3 {[%clk 01:32:40]} {[%emt
00:00:05]} d6 {[%clk 01:32:44]} {[%emt 00:00:10]} 7. h3 {[%clk 01:32:46]}
{[%emt 00:00:25]} O-O {[%clk 01:32:18]} {[%emt 00:00:56]} 8. a4 {[%clk
01:32:48]} {[%emt 00:00:28]} a5 {[%clk 01:32:25]} {[%emt 00:00:23]} 9. b5
{[%emt 00:00:22]} Ne7 {[%clk 01:32:43]} {[%emt 00:00:10]} 10. Qc2 {[%clk
01:31:39]} {[%emt 00:01:49]} Ng6 {[%clk 01:25:08]} {[%emt 00:08:05]} 11. Nbd2
{[%clk 01:28:38]} {[%emt 00:03:31]} Re8 {[%clk 01:13:55]} {[%emt 00:11:43]} 12.
Nf1 {[%clk 01:28:42]} {[%emt 00:00:24]} d5 {[%clk 01:13:57]} {[%emt 00:00:31]}
13. exd5 {[%clk 01:28:50]} {[%emt 00:00:23]} e4 {[%clk 00:59:09]} {[%emt
00:15:17]} 14. dxe4 {[%clk 01:29:06]} {[%emt 00:00:14]} Nxe4 {[%clk 00:59:24]}
{[%emt 00:00:14]} 15. Ne3 {[%clk 01:28:36]} {[%emt 00:01:00]} Qf6 {[%clk
00:49:23]} {[%emt 00:10:31]} 16. Ra3 {[%clk 01:26:51]} {[%emt 00:02:14]} Nh4
{[%clk 00:46:52]} {[%emt 00:03:01]} 17. Nxh4 {[%emt 00:00:57]} Qxh4 {[%clk
00:47:02]} {[%emt 00:00:13]} 18. Bd3 {[%clk 01:25:41]} {[%emt 00:01:21]} Bc5
{[%clk 00:38:16]} {[%emt 00:09:16]} 19. Rb3 {[%clk 01:25:35]} {[%emt 00:00:36]}
Bd7 {[%clk 00:35:11]} {[%emt 00:03:35]} 20. Bxe4 {[%clk 01:24:40]} {[%emt
00:01:26]} Rxe4 {[%clk 00:25:40]} {[%emt 00:10:00]} 1/2-1/2

[Event "DVM U16 2023"]
[Site "Magdeburg GER"]
[Date "2023.12.30"]
[Round "7"]
[White "Seymer, Adam"]
[Black "Borgstädt, Leif Jona"]
[Result "1/2-1/2"]
[Termination "normal"]
[Board "7.3"]
[WhiteElo "1694"]
[BlackElo "1442"]
[WhiteClock "00:17:08"]
[BlackClock "01:08:24"]
[WhiteTeam "SG Grün-Weiß Dresden"]
[BlackTeam "Bielefelder SK 1883"]
[PlyCount "110"]
[WhiteFideId "34651802"]
[BlackFideId "16266153"]
[EventCountry "GER"]
[EventRounds "7"]
[EventType "team-swiss"]
[EventDate "2023.12.26"]

1. e4 {[%clk 01:30:30]} {[%emt 00:06:43]} e5 {[%clk 01:30:52]} {[%emt
00:00:19]} 2. Nf3 {[%clk 01:31:22]} {[%emt 00:00:07]} Nf6 {[%clk 01:31:09]}
{[%emt 00:00:12]} 3. Nxe5 {[%clk 01:31:45]} {[%emt 00:00:08]} d6 {[%clk
01:31:33]} {[%emt 00:00:06]} 4. Nf3 {[%clk 01:32:08]} {[%emt 00:00:07]} Nxe4
{[%clk 01:31:48]} {[%emt 00:00:15]} 5. d4 {[%clk 01:32:34]} {[%emt 00:00:04]}
d5 {[%clk 01:31:37]} {[%emt 00:00:41]} 6. Bd3 {[%clk 01:32:56]} {[%emt
00:00:09]} Bf5 {[%clk 01:31:50]} {[%emt 00:00:16]} 7. O-O {[%clk 01:32:18]}
{[%emt 00:01:08]} Be7 {[%clk 01:31:47]} {[%emt 00:00:33]} 8. Re1 {[%clk
01:27:53]} {[%emt 00:04:55]} O-O {[%clk 01:31:28]} {[%emt 00:00:48]} 9. c4
{[%clk 01:26:33]} {[%emt 00:01:52]} Nc6 {[%clk 01:15:58]} {[%emt 00:16:00]} 10.
cxd5 {[%clk 01:25:33]} {[%emt 00:01:31]} Qxd5 {[%clk 01:15:21]} {[%emt
00:01:06]} 11. Bxe4 {[%clk 01:25:53]} {[%emt 00:00:10]} Bxe4 {[%clk 01:15:25]}
{[%emt 00:00:27]} 12. Nc3 {[%clk 01:26:15]} {[%emt 00:00:08]} Bxf3 {[%clk
01:15:45]} {[%emt 00:00:11]} 13. Nxd5 {[%clk 01:25:53]} {[%emt 00:00:51]} Bxd1
{[%clk 01:15:51]} {[%emt 00:00:24]} 14. Nxe7+ {[%clk 01:26:02]} {[%emt
00:00:21]} Nxe7 {[%clk 01:16:03]} {[%emt 00:00:17]} 15. Rxd1 {[%clk 01:23:00]}
{[%emt 00:03:32]} Nd5 {[%clk 01:15:57]} {[%emt 00:00:36]} 16. Bg5 {[%clk
01:22:36]} {[%emt 00:00:55]} f6 {[%clk 01:15:06]} {[%emt 00:01:21]} 17. Bh4
{[%clk 01:22:57]} {[%emt 00:00:09]} Rfe8 {[%clk 01:15:22]} {[%emt 00:00:14]}
18. Re1 {[%clk 01:22:23]} {[%emt 00:01:05]} Nb4 {[%clk 01:15:27]} {[%emt
00:00:25]} 19. f3 {[%clk 01:16:36]} {[%emt 00:06:17]} Kf7 {[%clk 01:15:12]}
{[%emt 00:00:44]} 20. Rac1 {[%clk 01:12:18]} {[%emt 00:04:47]} c6 {[%clk
01:14:50]} {[%emt 00:00:53]} 21. a3 {[%clk 01:07:14]} {[%emt 00:05:34]} Nd5
{[%clk 01:13:13]} {[%emt 00:02:07]} 22. Bg3 {[%clk 01:06:41]} {[%emt 00:01:02]}
Rad8 {[%clk 01:12:32]} {[%emt 00:01:11]} 23. Re4 {[%clk 01:02:54]} {[%emt
00:04:18]} Ne7 {[%clk 01:11:46]} {[%emt 00:01:15]} 24. Rce1 {[%clk 01:01:32]}
{[%emt 00:01:50]} Nf5 {[%clk 01:10:37]} {[%emt 00:01:42]} 25. Bf2 {[%clk
01:00:37]} {[%emt 00:01:25]} a6 {[%clk 01:09:13]} {[%emt 00:01:53]} 26. g4
{[%clk 01:00:08]} {[%emt 00:00:59]} Nd6 {[%clk 01:07:49]} {[%emt 00:01:54]} 27.
R4e2 {[%clk 00:56:02]} {[%emt 00:04:36]} Rxe2 {[%clk 01:05:47]} {[%emt
00:02:32]} 28. Rxe2 {[%clk 00:56:24]} {[%emt 00:00:08]} Nb5 {[%clk 01:05:15]}
{[%emt 00:01:03]} 29. Rd2 {[%clk 00:56:30]} {[%emt 00:00:24]} Rd7 {[%clk
01:05:29]} {[%emt 00:00:15]} 30. Be3 {[%clk 00:55:31]} {[%emt 00:01:29]} Ke6
{[%clk 01:02:46]} {[%emt 00:03:14]} 31. Kf2 {[%clk 00:54:11]} {[%emt 00:01:50]}
Kd5 {[%clk 01:02:11]} {[%emt 00:01:05]} 32. a4 {[%clk 00:54:00]} {[%emt
00:00:41]} Nd6 {[%clk 01:02:21]} {[%emt 00:00:20]} 33. b3 {[%clk 00:53:15]}
{[%emt 00:01:15]} b6 {[%clk 01:01:58]} {[%emt 00:00:53]} 34. h4 {[%clk
00:49:00]} {[%emt 00:04:45]} Nb7 {[%clk 01:01:58]} {[%emt 00:00:30]} 35. Kg3
{[%clk 00:36:09]} {[%emt 00:13:21]} g6 {[%clk 00:57:48]} {[%emt 00:04:41]} 36.
Bf4 {[%clk 00:23:04]} {[%emt 00:13:34]} Re7 {[%clk 00:57:25]} {[%emt 00:00:53]}
37. g5 {[%clk 00:23:03]} {[%emt 00:00:31]} f5 {[%clk 00:57:42]} {[%emt
00:00:13]} 38. Be5 {[%clk 00:21:52]} {[%emt 00:01:41]} Nd6 {[%clk 00:57:03]}
{[%emt 00:01:09]} 39. Kf4 {[%clk 00:20:11]} {[%emt 00:02:10]} b5 {[%clk
00:53:20]} {[%emt 00:04:13]} 40. Rc2 {[%clk 00:18:42]} {[%emt 00:01:59]} Nb7
{[%clk 00:52:30]} {[%emt 00:01:20]} 41. axb5 {[%clk 00:17:12]} {[%emt
00:02:00]} axb5 {[%clk 00:52:30]} {[%emt 00:00:31]} 42. b4 {[%clk 00:17:31]}
{[%emt 00:00:11]} Rf7 {[%clk 00:49:37]} {[%emt 00:03:23]} 43. Ke3 {[%clk
00:15:49]} {[%emt 00:02:12]} Re7 {[%clk 00:49:15]} {[%emt 00:00:52]} 44. Kd3
{[%clk 00:15:42]} {[%emt 00:00:37]} Rf7 {[%clk 00:49:12]} {[%emt 00:00:33]} 45.
Bf6 {[%clk 00:07:40]} {[%emt 00:08:32]} Kd6 {[%clk 00:47:58]} {[%emt 00:01:45]}
46. Re2 {[%clk 00:07:11]} {[%emt 00:01:00]} Kc7 {[%clk 00:41:17]} {[%emt
00:07:11]} 47. Re8 {[%clk 00:24:57]} {[%emt 00:12:44]} Nd6 {[%clk 01:10:31]}
{[%emt 00:01:14]} 48. Re1 {[%clk 00:20:50]} {[%emt 00:04:38]} Kd7 {[%clk
01:09:55]} {[%emt 00:01:07]} 49. f4 {[%clk 00:20:22]} {[%emt 00:00:57]} Ne4
{[%clk 01:09:27]} {[%emt 00:00:58]} 50. Be5 {[%clk 00:20:01]} {[%emt 00:00:51]}
Ke6 {[%clk 01:09:25]} {[%emt 00:00:33]} 51. Rc1 {[%clk 00:19:20]} {[%emt
00:01:10]} Kd5 {[%clk 01:08:36]} {[%emt 00:01:20]} 52. Ra1 {[%clk 00:19:17]}
{[%emt 00:00:33]} Rd7 {[%clk 01:08:01]} {[%emt 00:01:04]} 53. Ra8 {[%clk
00:17:49]} {[%emt 00:01:58]} Nf2+ {[%clk 01:08:05]} {[%emt 00:00:26]} 54. Ke2
{[%clk 00:18:12]} {[%emt 00:00:07]} Ne4 {[%clk 01:08:24]} {[%emt 00:00:10]} 55.
Kd3 {[%clk 00:17:08]} {[%emt 00:01:34]} Nf2+ {[%emt 00:01:15]} 1/2-1/2

[Event "DVM U16 2023"]
[Site "Magdeburg GER"]
[Date "2023.12.30"]
[Round "7"]
[White "Gross, Felix"]
[Black "Koltyhin, Heorhii"]
[Result "1-0"]
[Termination "normal"]
[Board "7.4"]
[WhiteElo "1554"]
[BlackElo "1502"]
[WhiteClock "00:24:07"]
[BlackClock "00:57:41"]
[WhiteTeam "Bielefelder SK 1883"]
[BlackTeam "SG Grün-Weiß Dresden"]
[PlyCount "117"]
[WhiteFideId "34681671"]
[BlackFideId "34127780"]
[EventCountry "GER"]
[EventRounds "7"]
[EventType "team-swiss"]
[EventDate "2023.12.26"]

1. e4 {[%clk 01:30:57]} {[%emt 00:00:02]} e5 {[%clk 01:30:52]} {[%emt
00:00:09]} 2. Nc3 {[%clk 01:31:23]} {[%emt 00:00:04]} Nc6 {[%clk 01:30:36]}
{[%emt 00:00:45]} 3. Bc4 {[%clk 01:31:47]} {[%emt 00:00:06]} Bc5 {[%clk
01:29:54]} {[%emt 00:01:12]} 4. Qg4 {[%clk 01:32:01]} {[%emt 00:00:15]} g6
{[%clk 01:22:33]} {[%emt 00:07:51]} 5. Qf3 {[%clk 01:29:16]} {[%emt 00:03:16]}
Nf6 {[%clk 01:20:50]} {[%emt 00:02:14]} 6. Nge2 {[%clk 01:28:19]} {[%emt
00:01:27]} d6 {[%clk 01:18:58]} {[%emt 00:02:21]} 7. h3 {[%clk 01:24:40]}
{[%emt 00:05:57]} Qe7 {[%clk 01:17:36]} {[%emt 00:00:02]} 8. d3 {[%clk
01:23:05]} {[%emt 00:02:07]} h6 {[%clk 01:17:43]} {[%emt 00:00:22]} 9. Be3
{[%clk 01:19:14]} {[%emt 00:04:22]} Bb6 {[%clk 01:15:47]} {[%emt 00:02:27]} 10.
Qg3 {[%clk 01:14:51]} {[%emt 00:04:52]} Nb4 {[%clk 01:09:08]} {[%emt 00:07:09]}
11. O-O-O {[%clk 01:11:46]} {[%emt 00:03:35]} Be6 {[%clk 01:08:04]} {[%emt
00:01:33]} 12. f4 {[%clk 01:08:35]} {[%emt 00:03:41]} Bxc4 {[%clk 01:07:22]}
{[%emt 00:01:12]} 13. dxc4 {[%clk 01:08:59]} {[%emt 00:00:07]} Nh5 {[%clk
01:05:10]} {[%emt 00:02:40]} 14. Qf3 {[%clk 01:06:46]} {[%emt 00:02:44]} Bxe3+
{[%clk 01:04:33]} {[%emt 00:01:07]} 15. Qxe3 {[%clk 01:07:06]} {[%emt
00:00:10]} f6 {[%clk 01:04:53]} {[%emt 00:00:10]} 16. a3 {[%clk 01:05:22]}
{[%emt 00:02:15]} Nc6 {[%clk 01:05:02]} {[%emt 00:00:20]} 17. Nd5 {[%clk
01:05:40]} {[%emt 00:00:12]} Qg7 {[%clk 01:04:52]} {[%emt 00:00:39]} 18. Rhf1
{[%clk 01:02:34]} {[%emt 00:03:37]} O-O-O {[%clk 01:03:34]} {[%emt 00:01:31]}
19. g4 {[%clk 00:59:45]} {[%emt 00:03:36]} Nxf4 {[%clk 00:59:53]} {[%emt
00:04:11]} 20. Nexf4 {[%clk 01:00:01]} {[%emt 00:00:14]} exf4 {[%clk 01:00:10]}
{[%emt 00:00:13]} 21. Qxf4 {[%clk 01:00:17]} {[%emt 00:00:14]} Ne5 {[%clk
00:58:59]} {[%emt 00:01:40]} 22. Qxf6 {[%clk 00:59:09]} {[%emt 00:01:39]} Qxf6
{[%clk 00:58:35]} {[%emt 00:00:54]} 23. Rxf6 {[%clk 00:58:33]} {[%emt
00:01:06]} g5 {[%clk 00:58:48]} {[%emt 00:00:16]} 24. b3 {[%clk 00:57:09]}
{[%emt 00:01:54]} Rde8 {[%clk 00:58:29]} {[%emt 00:00:47]} 25. Nc3 {[%clk
00:52:11]} {[%emt 00:05:31]} Nd7 {[%clk 00:58:12]} {[%emt 00:00:45]} 26. Rf5
{[%clk 00:51:38]} {[%emt 00:01:06]} Nf8 {[%clk 00:58:20]} {[%emt 00:00:20]} 27.
Re1 {[%clk 00:47:04]} {[%emt 00:05:06]} Ng6 {[%clk 00:58:06]} {[%emt 00:00:43]}
28. Nd5 {[%clk 00:46:31]} {[%emt 00:01:05]} Rhf8 {[%clk 00:58:00]} {[%emt
00:00:33]} 29. Ref1 {[%clk 00:45:22]} {[%emt 00:01:41]} c6 {[%clk 00:57:19]}
{[%emt 00:01:01]} 30. Ne7+ {[%clk 00:39:22]} {[%emt 00:06:40]} Rxe7 {[%clk
00:57:32]} {[%emt 00:00:16]} 31. Rxf8+ {[%clk 00:39:47]} {[%emt 00:00:05]} Nxf8
{[%clk 00:57:57]} {[%emt 00:00:06]} 32. Rxf8+ {[%clk 00:40:13]} {[%emt
00:00:04]} Kc7 {[%clk 00:58:18]} {[%emt 00:00:08]} 33. Rf6 {[%clk 00:40:23]}
{[%emt 00:00:20]} Rh7 {[%clk 00:58:23]} {[%emt 00:00:25]} 34. Kd2 {[%clk
00:40:00]} {[%emt 00:00:54]} Kd7 {[%clk 00:58:44]} {[%emt 00:00:10]} 35. Ke3
{[%clk 00:40:01]} {[%emt 00:00:28]} Ke7 {[%clk 00:59:07]} {[%emt 00:00:06]} 36.
Rg6 {[%clk 00:40:13]} {[%emt 00:00:19]} a6 {[%clk 00:58:31]} {[%emt 00:01:07]}
37. Kd4 {[%clk 00:39:53]} {[%emt 00:00:49]} Kd7 {[%clk 00:58:44]} {[%emt
00:00:17]} 38. c5 {[%clk 00:38:44]} {[%emt 00:01:40]} dxc5+ {[%clk 00:59:00]}
{[%emt 00:00:13]} 39. Kxc5 {[%clk 00:38:51]} {[%emt 00:00:23]} Kc7 {[%clk
00:58:43]} {[%emt 00:00:46]} 40. c4 {[%clk 00:37:00]} {[%emt 00:02:23]} b6+
{[%clk 00:58:14]} {[%emt 00:00:57]} 41. Kd4 {[%clk 00:37:21]} {[%emt 00:00:09]}
Rf7 {[%clk 00:57:41]} {[%emt 00:01:03]} 42. Ke3 {[%clk 00:36:41]} {[%emt
00:01:11]} Rh7 {[%clk 00:56:52]} {[%emt 00:01:19]} 43. e5 {[%clk 00:36:37]}
{[%emt 00:00:34]} Kd7 {[%clk 00:56:35]} {[%emt 00:00:45]} 44. Ke4 {[%clk
00:36:28]} {[%emt 00:00:41]} h5 {[%clk 00:56:05]} {[%emt 00:00:59]} 45. Rxg5
{[%clk 00:33:10]} {[%emt 00:03:49]} hxg4 {[%clk 00:56:23]} {[%emt 00:00:12]}
46. hxg4 {[%clk 00:33:30]} {[%emt 00:00:11]} Rh1 {[%clk 00:56:18]} {[%emt
00:00:35]} 47. Rf5 {[%clk 00:31:10]} {[%emt 00:02:50]} Re1+ {[%clk 00:56:32]}
{[%emt 00:00:15]} 48. Kf4 {[%clk 00:31:26]} {[%emt 00:00:15]} Ke6 {[%clk
00:56:43]} {[%emt 00:00:18]} 49. Rf6+ {[%clk 00:30:46]} {[%emt 00:01:11]} Kd7
{[%clk 00:56:54]} {[%emt 00:00:18]} 50. g5 {[%clk 00:30:06]} {[%emt 00:01:11]}
Rf1+ {[%clk 00:56:38]} {[%emt 00:00:46]} 51. Ke4 {[%clk 00:29:55]} {[%emt
00:00:42]} Re1+ {[%clk 00:56:27]} {[%emt 00:00:40]} 52. Kf5 {[%clk 00:30:19]}
{[%emt 00:00:06]} Rf1+ {[%clk 00:56:48]} {[%emt 00:00:09]} 53. Kg6 {[%clk
00:30:39]} {[%emt 00:00:10]} Re1 {[%clk 00:57:13]} {[%emt 00:00:05]} 54. e6+
{[%clk 00:30:58]} {[%emt 00:00:11]} Ke7 {[%clk 00:57:12]} {[%emt 00:00:29]} 55.
Kg7 {[%clk 00:30:38]} {[%emt 00:00:50]} Rg1 {[%clk 00:57:08]} {[%emt 00:00:34]}
56. g6 {[%clk 00:30:44]} {[%emt 00:00:25]} Rh1 {[%clk 00:56:56]} {[%emt
00:00:42]} 57. Rf7+ {[%clk 00:23:34]} {[%emt 00:07:40]} Kxe6 {[%clk 00:57:18]}
{[%emt 00:00:08]} 58. Rf6+ {[%clk 00:24:00]} {[%emt 00:00:04]} Kd7 {[%clk
00:57:41]} {[%emt 00:00:07]} 59. Kf7 {[%clk 00:24:07]} {[%emt 00:00:23]} 1-0